00329nam a2200121Ia 4500008004100000041000800041082001600049100001900065245004500084260003800129300003100167365000900198240624s9999 xx 000 0 und d aeng a332.642 POO aPOON SER HUANG aPRACTICAL GUIDE TO FORECASTING FINANCIAL c2005aNew YorkbJohn Wiley & Sons axvi, : 219 : p. : cm. ; 23 cb27